00934nam a22002537a 45000010005000000030006000050050017000110080041000280200018000690400029000870500014001160820010001301000033001402450029001732500027002022600035002293000022002645050008002865200283002945210021005775210020005986500029006186500033006474540FISKH20241024142612.0240913b cb ||||| |||| 00| 0 eng d a9780545284073 aFISKHbengcFISKHdFISKH aPZ7.P2843 2813.6 aPaulsen, Garyd(1939–2021) aMudshark /cGary Paulsen aFirst prinitng in 2010 aNew York :bScholastic,c2010. a86 pages :c20 cm aZ  aPrincipal Wagner confidently deals with a faculty washroom crisis, a psychic parrot, and a terrorizing gerbil, but when sixty-five erasers go missing, he enlists the help of the school's best problem solver and locator of lost items, twelve-year-old Lyle Williams, aka Mudshark.8 a1080 bLexile 8 aZ bRaz-Plus  2FictionaProblem solving 2Chapter bookaSchool stories